<?xml version="1.0" encoding="UTF-8"?><?xml-stylesheet type="text/xsl" href="static/style.xsl"?><OAI-PMH xmlns="http://www.openarchives.org/OAI/2.0/" xmlns:xsi="http://www.w3.org/2001/XMLSchema-instance" xsi:schemaLocation="http://www.openarchives.org/OAI/2.0/ http://www.openarchives.org/OAI/2.0/OAI-PMH.xsd"><responseDate>2026-06-07T15:52:40Z</responseDate><request verb="GetRecord" identifier="oai:docta.ucm.es:20.500.14352/120942" metadataPrefix="marc">https://docta.ucm.es/rest/oai/request</request><GetRecord><record><header><identifier>oai:docta.ucm.es:20.500.14352/120942</identifier><datestamp>2025-06-06T00:06:56Z</datestamp><setSpec>com_20.500.14352_14</setSpec><setSpec>col_20.500.14352_15</setSpec></header><metadata><record xmlns="http://www.loc.gov/MARC21/slim" xmlns:dcterms="http://purl.org/dc/terms/" xmlns:xsi="http://www.w3.org/2001/XMLSchema-instance" xmlns:doc="http://www.lyncode.com/xoai" xsi:schemaLocation="http://www.loc.gov/MARC21/slim http://www.loc.gov/standards/marcxml/schema/MARC21slim.xsd">
   <leader>00925njm 22002777a 4500</leader>
   <datafield ind2=" " ind1=" " tag="042">
      <subfield code="a">dc</subfield>
   </datafield>
   <datafield ind2=" " ind1=" " tag="720">
      <subfield code="a">Li, Chun-Ai</subfield>
      <subfield code="e">author</subfield>
   </datafield>
   <datafield ind2=" " ind1=" " tag="720">
      <subfield code="a">Kim, Ji Hyun</subfield>
      <subfield code="e">author</subfield>
   </datafield>
   <datafield ind2=" " ind1=" " tag="720">
      <subfield code="a">Jin, Zhe-Wu</subfield>
      <subfield code="e">author</subfield>
   </datafield>
   <datafield ind2=" " ind1=" " tag="720">
      <subfield code="a">Murakami, Gen</subfield>
      <subfield code="e">author</subfield>
   </datafield>
   <datafield ind2=" " ind1=" " tag="720">
      <subfield code="a">Rodríguez Vázquez, José Francisco</subfield>
      <subfield code="e">author</subfield>
   </datafield>
   <datafield ind2=" " ind1=" " tag="720">
      <subfield code="a">Hayashi, Shogo</subfield>
      <subfield code="e">author</subfield>
   </datafield>
   <datafield ind2=" " ind1=" " tag="260">
      <subfield code="c">2025-03-18</subfield>
   </datafield>
   <datafield ind2=" " ind1=" " tag="520">
      <subfield code="a">Cranial nerves and their branches pass through bony canals in the head. To reveal an ossification manner for closing the nerve canal, we examined histological sections from 32 human fetus heads at 9–18 and 28–40 weeks. Corresponding to types of bones that was penetrated by nerves, the infraorbital nerve (ION) and zygomatic nerve (ZN) were chosen for nerves passing through a membranous bone, while the maxillary nerve (MXN) and hypoglossal nerve (HGN) were chosen for nerves through the endochondral bone. The ION and ZN were sandwiched by membranous bones. The membranous bone trabeculae connected to the secondarily-developed periosteal bone and the latter partly closed the ION canal prenatally, but the closure of the ZN canal was most likely to occur postnatally. Therefore, rather than membranous bone trabeculae, the periosteal bone contributed much to closure of the nerve canal. Because it connected to the periosteum, the orbital muscle might provide a mechanical load facilitating the ossification around the ION. The MXN first passed through the cartilaginous sphenoid and, later, the perichondral bone appeared along the nerve in combination with the additional membranous ossification. Near the HGN canal, a small center of endochondral ossification appeared and the secondarily-developed bone reached the perichondrium of the canal, but the typical periosteal ossification was absent. Consequently, the perichondral or periosteal ossification along the nerve canal seemed to play a major role for a complete closure of the canal postnatally. Modern radiology might show the canal much thicker than the nerve itself in infants.</subfield>
   </datafield>
   <datafield ind1="8" ind2=" " tag="024">
      <subfield code="a">Li CA, Kim JH, Jin ZW, Murakami G, Rodríguez-Vázquez JF, Hayashi S. Ossification of bony nerve canals in the human head: a comparison between the endochondral and membranous bones. Anat Cell Biol. 2025 Mar 18. doi: 10.5115/acb.24.218</subfield>
   </datafield>
   <datafield ind1="8" ind2=" " tag="024">
      <subfield code="a">2093-3665</subfield>
   </datafield>
   <datafield ind1="8" ind2=" " tag="024">
      <subfield code="a">2093-3673</subfield>
   </datafield>
   <datafield ind1="8" ind2=" " tag="024">
      <subfield code="a">10.5115/acb.24.218</subfield>
   </datafield>
   <datafield ind1="8" ind2=" " tag="024">
      <subfield code="a">https://hdl.handle.net/20.500.14352/120942</subfield>
   </datafield>
   <datafield ind1="8" ind2=" " tag="024">
      <subfield code="a">https://doi.org/10.5115/acb.24.218</subfield>
   </datafield>
   <datafield ind1="8" ind2=" " tag="024">
      <subfield code="a">40097262</subfield>
   </datafield>
   <datafield ind1="8" ind2=" " tag="024">
      <subfield code="a">https://acbjournal.org/journal/view.html?doi=10.5115/acb.24.218</subfield>
   </datafield>
   <datafield ind1="8" ind2=" " tag="024">
      <subfield code="a">https://pubmed.ncbi.nlm.nih.gov/40097262/</subfield>
   </datafield>
   <datafield ind2="0" ind1="0" tag="245">
      <subfield code="a">Ossification of bony nerve canals in the human head: a comparison between the endochondral and membranous bones</subfield>
   </datafield>
</record></metadata></record></GetRecord></OAI-PMH>